Bohaterowie Trylogii Henryka Sienkiewicza - nagła śmierć - Statystyki

Ogólne statystyki
  • Ten quiz został rozwiązany 312 razy
  • Średni wynik to 10 z 20
Answers on the Grid
Answers color-coded by a green-red scale on the quiz's grid according to % correct below.
Jan Skrzetuski
Bohun
Helena Kurcewiczówna
Rzędzian
Zagłoba
Michał Wołodyjowski
Longinus Podbipięta
Jeremi Wiśniowiecki
Andrzej Kmicic
Roch Kowalski
Stefan Czarniecki
Horpyna
Bogusław Radziwiłł
Aleksandra Billewiczówna
Augustyn Kordecki
Azja Tuhajbejowicz
Basia Jeziorkowska
Adam Nowowiejski
Ewa Nowowiejska
Kiemlicz
Jurand ze Spychowa
Zbyszko z Bogdańca
Ursus
Ligia
Petroniusz
Marek Winicjusz
Staś Tarkowski
Stanisław Połaniecki
Cezary Baryka
Maciej Boryna
Justyna Orzelska
Jan Bohatyrowicz
Ignacy Rzecki
Helena Stawska
Karol Borowiecki
Hipolit Wielosławski
Józef Odrowąż
Bogumił Niechcic
Jacek Soplica
Stanisław Wokulski
 
Statystyki odpowiedzi
Odpowiedź % Poprawnych
Andrzej Kmicic
74%
Zagłoba
70%
Michał Wołodyjowski
68%
Bogusław Radziwiłł
63%
Jan Skrzetuski
61%
Aleksandra Billewiczówna
56%
Azja Tuhajbejowicz
55%
Bohun
54%
Jeremi Wiśniowiecki
53%
Longinus Podbipięta
53%
Roch Kowalski
49%
Helena Kurcewiczówna
46%
Stefan Czarniecki
46%
Kiemlicz
44%
Rzędzian
43%
Horpyna
42%
Augustyn Kordecki
40%
Basia Jeziorkowska
31%
Adam Nowowiejski
26%
Ewa Nowowiejska
26%
Nie znaleziono quizów pasujących do podanych kryteriów
Rozkład punktacji
Procent ludzi z każdym wynikiem
Percentyl według liczby udzielonych odpowiedzi
Twoja historia wyników
Nie rozwiązałeś tego quizu